[Event "chess.com Speed 2021"]
[Site "chess.com INT"]
[Date "2021.12.06"]
[Round "2.14"]
[White "Giri,A"]
[Black "Nakamura,Hi"]
[Result "1/2-1/2"]
[WhiteElo "2774"]
[BlackElo "2736"]

1.e4 e5 2.Nf3 Nc6 3.Bc4 Bc5 4.O-O Nf6 5.d3 h6 6.c3 d6 7.Re1 O-O 8.Nbd2 a5
9.Nf1 Ne7 10.Ng3 Bb6 11.h3 Ng6 12.d4 Be6 13.Bxe6 fxe6 14.dxe5 dxe5 15.Be3 Bxe3
16.Rxe3 Qe7 17.a4 Nd7 18.Qc2 Nb6 19.b3 Rad8 20.Nf1 Rd6 21.g3 Rfd8 22.Kg2 Qf6
23.N1h2 Nd7 24.b4 Ra8 25.Rb1 b6 26.Ng4 Qe7 27.h4 h5 28.Ngh2 Nf6 29.bxa5 Rxa5
30.Rb5 Rxb5 31.axb5 Nd7 32.Qe2 Nc5 33.Ng5 Qe8 34.c4 Nf8 35.Ra3 Rd8 36.Ra7 Rd7
37.Nhf3 Ng6 38.Ne1 Nb3 39.Nef3 Nd4 40.Nxd4 exd4 41.Ra3 Nf8 42.e5 Rd8 43.Rd3 Qg6
44.Qe4 Qxe4+ 45.Nxe4 Ng6 46.f4 Kf7 47.Ng5+ Ke7 48.Nf3 Kf7 49.Rxd4 Rxd4 50.Nxd4 Ne7
51.Kf3 g6 52.g4 Ng8 53.gxh5 gxh5 54.Ke4 Nh6 55.f5 exf5+ 56.Nxf5 Ng4 57.Kd5 Kg6
58.Ne7+ Kf7 59.Nf5 Kg6 60.Nd4 Ne3+ 61.Kc6 Nxc4 62.e6 Kf6 63.Kxc7 Ke7 64.Kc6 Kf6
65.Kd7 Ne5+ 66.Kd8 Ng6 67.Kc7 Nxh4 68.Kxb6 Ng6 69.Kc5 h4 70.Nf3 h3 71.b6 Ne5
72.b7 Kxe6 73.b8=Q Nd7+ 74.Kd4 Nxb8 75.Ng5+ Kf5 76.Nxh3  1/2-1/2

[Event "chess.com Speed 2021"]
[Site "chess.com INT"]
[Date "2021.12.06"]
[Round "2.27"]
[White "Nakamura,Hi"]
[Black "Giri,A"]
[Result "1/2-1/2"]
[WhiteElo "2736"]
[BlackElo "2774"]

1.Nf3 d5 2.g3 g6 3.Bg2 Bg7 4.d4 Nf6 5.c4 c6 6.O-O O-O 7.Qb3 a5 8.cxd5 a4
9.Qd1 Nxd5 10.Nc3 c5 11.Nxd5 Qxd5 12.Be3 Nc6 13.Rc1 cxd4 14.Nxd4 Qxa2 15.Nxc6 bxc6
16.Bxc6 Rb8 17.Qxa4 Qxa4 18.Bxa4 Rxb2 19.Rc2 Rxc2 20.Bxc2 Bh3 21.Rb1 Rc8
22.Be4 e6 23.Ba7 Bf5 24.Bxf5 exf5 25.Rb7  1/2-1/2

[Event "chess.com Speed 2021"]
[Site "chess.com INT"]
[Date "2021.12.06"]
[Round "2.26"]
[White "Giri,A"]
[Black "Nakamura,Hi"]
[Result "0-1"]
[WhiteElo "2774"]
[BlackElo "2736"]

1.e4 c6 2.d4 d5 3.e5 Bf5 4.Nf3 e6 5.Be2 h6 6.O-O Nd7 7.c3 Ne7 8.a4 Qc7 9.Na3 g5
10.Nc2 Bg6 11.Ne3 c5 12.b4 c4 13.b5 Nf5 14.Ng4 Be7 15.Ba3 Qd8 16.Qc1 Bxa3
17.Qxa3 Qe7 18.Qc1 O-O-O 19.a5 h5 20.Ne3 g4 21.Ne1 Rdg8 22.N1c2 f6 23.exf6 Nxf6
24.b6 a6 25.Nxf5 Bxf5 26.Ne3 Bg6 27.Bd1 Bd3 28.Re1 h4 29.Qa3 Qxa3 30.Rxa3 Kd7
31.Be2 Be4 32.Raa1 Rg5 33.Bf1 h3 34.g3 Bf3 35.Be2 Bxe2 36.Rxe2 Rc8 37.Nf1 Ne4
38.Rc1 Rf8 39.Ne3 Nd6 40.Nc2 Rg6 41.Ne3 Rf3 42.Rcc2 Kc6 43.Rc1 Rf8 44.Rcc2 Nf7
45.Rc1 Ng5 46.Nc2 Nf3+ 47.Kh1 Kd6 48.Ne3 Rg5 49.Rd1 Re8 50.Rc2 Kc6 51.Re2 e5
52.dxe5 Rgxe5 53.Rc2 Rxe3 54.fxe3 Rxe3 55.Rdc1 Kd6 56.Rd1 Ke5 57.Rdc1 Kf5
58.Rd1 Ke4 59.Rdc1 Kf5 60.Rd1 Ke6 61.Rdc1 Kd7 62.Rd1 Kd6 63.Rdc1 Kc5 64.Rd1 Rd3
65.Rb1 d4 66.cxd4+ Kxd4 67.Rxc4+ Kxc4 68.Rb4+ Kc5 69.Rc4+ Kd6  0-1

[Event "chess.com Speed 2021"]
[Site "chess.com INT"]
[Date "2021.12.06"]
[Round "2.25"]
[White "Nakamura,Hi"]
[Black "Giri,A"]
[Result "1-0"]
[WhiteElo "2736"]
[BlackElo "2774"]

1.Nf3 d5 2.g3 c5 3.Bg2 Nc6 4.d4 Nf6 5.b3 e6 6.Bb2 Be7 7.O-O O-O 8.e3 b5 9.Nbd2 cxd4
10.Nxd4 Nxd4 11.Bxd4 Bb7 12.c4 bxc4 13.bxc4 Ba6 14.Qa4 Bc8 15.Rab1 Bd7 16.Qa6 Bc8
17.Qa4 Bd7 18.Qc2 Qc7 19.Rfc1 Rab8 20.Rxb8 Rxb8 21.Bxf6 Bxf6 22.cxd5 Qxc2
23.Rxc2 Rb2 24.Rc7 Rxd2 25.Rxd7 Rd1+ 26.Bf1 Rxd5 27.Rxa7 g6 28.a4 Bc3 29.Bb5 Kf8
30.Kf1 h5 31.Ke2 Rd2+ 32.Kf3 Ra2 33.Bc4 Rc2 34.a5 Bxa5 35.Bxe6 Be1 36.Rxf7+ Ke8
37.Kg2 Rc6 38.Bb3 Rb6 39.Bc4 Rc6 40.Rf4 g5 41.Bb5  1-0

[Event "chess.com Speed 2021"]
[Site "chess.com INT"]
[Date "2021.12.06"]
[Round "2.24"]
[White "Giri,A"]
[Black "Nakamura,Hi"]
[Result "0-1"]
[WhiteElo "2774"]
[BlackElo "2736"]

1.e4 c6 2.d4 d5 3.e5 Bf5 4.Nf3 e6 5.Be2 Ne7 6.c3 Nd7 7.O-O h6 8.a4 Qc7 9.b4 g5
10.Nbd2 Ng6 11.Nb3 f6 12.exf6 Nxf6 13.Nc5 b6 14.Na6 Qc8 15.Ne5 Nxe5 16.dxe5 Ne4
17.Qe1 g4 18.a5 b5 19.Nc5 Nxc5 20.bxc5 Bxc5 21.Kh1 Qc7 22.Bf4 O-O-O 23.a6 Rdf8
24.Qd2 h5 25.Be3 Qb6 26.Bd4 h4 27.Qe3 Bxd4 28.cxd4 b4 29.Bd1 g3 30.Ba4 h3
31.hxg3 hxg2+ 32.Kxg2 Bh3+ 33.Kg1 Bxf1 34.Rxf1 Qxa6 35.Bxc6 Rh1+ 36.Kxh1 Qxf1+  0-1

[Event "chess.com Speed 2021"]
[Site "chess.com INT"]
[Date "2021.12.06"]
[Round "2.23"]
[White "Nakamura,Hi"]
[Black "Giri,A"]
[Result "1-0"]
[WhiteElo "2736"]
[BlackElo "2774"]

1.e4 c5 2.c3 Nf6 3.e5 Nd5 4.Nf3 d6 5.d4 cxd4 6.Qxd4 e6 7.exd6 Nc6 8.Bb5 Bd7
9.Bxc6 Bxc6 10.O-O Qxd6 11.Rd1 O-O-O 12.Qxa7 Qc5 13.Qxc5 Bxc5 14.Re1 b5 15.Ne5 Be8
16.Nd2 Ba7 17.Nef3 Nf4 18.Nd4 Nd3 19.Re3 Nxc1 20.Rxc1 Rd5 21.N2f3 Kb7 22.Re2 g5
23.Nc2 g4 24.Nfd4 h5 25.Rce1 h4 26.Re5 Rxe5 27.Rxe5 Bb6 28.Nxb5 Bxb5 29.Rxb5 Rd8
30.Nd4 Ka6 31.Rh5 Bxd4 32.cxd4 Rxd4 33.Kf1 Rd1+ 34.Ke2 Rb1 35.Rxh4 Rxb2+
36.Ke3 Rxa2 37.Rxg4 Kb6 38.Rg7 Ra7 39.h4 Kc6 40.h5 Kd6 41.h6 Ra3+ 42.Ke2 Ra2+
43.Kf3 Ra3+ 44.Kg4 Ra4+ 45.Kg3 Ra3+ 46.f3  1-0

[Event "chess.com Speed 2021"]
[Site "chess.com INT"]
[Date "2021.12.06"]
[Round "2.39"]
[White "Nakamura,Hi"]
[Black "Giri,A"]
[Result "1/2-1/2"]
[WhiteElo "2736"]
[BlackElo "2774"]

1.a3 d5 2.Nf3 Bf5 3.e3 e6 4.d4 Nf6 5.Bd3 Bxd3 6.Qxd3 c5 7.Qb5+ Qd7 8.Qxd7+ Nbxd7
9.b3 Rc8 10.c3 Ne4 11.Bb2 Bd6 12.Nbd2 Nxd2 13.Kxd2 O-O 14.Rhc1 Nf6 15.c4 cxd4
16.Bxd4 Ne4+ 17.Ke2 dxc4 18.Rxc4 Rxc4 19.bxc4 b6 20.a4 Rc8 21.Ne1 e5 22.Bb2 Rxc4
23.f3 Nc5 24.a5 f6 25.axb6 axb6 26.Ra8+ Kf7 27.Ra7+ Be7 28.Kd1 Ke6 29.Ra8 Ra4
30.Rh8 h6 31.Kc2 Ra2 32.Kb1 Ra7 33.Rg8 Kf7 34.Rb8 Rb7 35.Ra8 b5 36.e4 b4
37.Nc2 Ne6 38.Ne3 Nf4 39.g3 Nd3 40.Nd5 Ne1 41.f4 exf4 42.gxf4 Nf3 43.e5 fxe5
44.fxe5 Nxh2 45.Ra6 Ng4 46.Nf4 Kg8 47.e6 Kh7 48.Nd5 Nf6 49.Bxf6 gxf6 50.Ra8 Kg7
51.Re8 Bc5 52.Rc8 Be7 53.Re8 Bc5 54.Rc8 Be7 55.Ne3 f5 56.Nxf5+ Kf6 57.Nxh6 Kxe6
58.Ng4 b3 59.Nf2 Ba3 60.Rc3 Bd6 61.Ne4 Be7 62.Re3 Kd7 63.Nd2 b2 64.Rd3+ Ke6
65.Nc4 Bf6 66.Rd6+ Ke7 67.Rd2 Rb4 68.Ne3 Ke6 69.Nd5 Rd4 70.Rxd4 Bxd4 71.Nf4+ Kf5
72.Nd3 Ke4 73.Ne1 Bc3 74.Nc2 Kd3 75.Nb4+ Bxb4 76.Kxb2  1/2-1/2

[Event "chess.com Speed 2021"]
[Site "chess.com INT"]
[Date "2021.12.06"]
[Round "2.13"]
[White "Nakamura,Hi"]
[Black "Giri,A"]
[Result "1-0"]
[WhiteElo "2736"]
[BlackElo "2774"]

1.Nf3 d5 2.b3 Bf5 3.Bb2 e6 4.d3 h6 5.Nbd2 Nf6 6.Ne5 Bh7 7.g3 Be7 8.Bg2 Nbd7
9.Nxd7 Qxd7 10.e4 O-O 11.Qe2 Rfd8 12.e5 Ne8 13.O-O c5 14.Rfd1 b5 15.c4 Nc7
16.Rac1 Rac8 17.h4 a5 18.Nf1 a4 19.Ne3 axb3 20.axb3 bxc4 21.bxc4 dxc4 22.dxc4 Qa4
23.Bc3 Qa3 24.Qe1 Qb3 25.Ra1 Rxd1 26.Rxd1 Na6 27.Rd7 Rc7 28.Rxc7 Nxc7 29.Qd2 Qb1+
30.Kh2 Qd3 31.Qb2 Na6 32.Qb7 Qxc3 33.Qxe7 Bg6 34.h5 Bxh5 35.Be4 g6 36.Qd8+ Kg7
37.Qf6+ Kg8 38.g4 Qd4 39.Bf3 Nc7 40.gxh5 Ne8 41.Qe7 Qxe5+ 42.Kh3 Nf6 43.hxg6 fxg6
44.Ng4 Nxg4 45.Bxg4 Qc3+ 46.Kg2  1-0

[Event "chess.com Speed 2021"]
[Site "chess.com INT"]
[Date "2021.12.06"]
[Round "2.12"]
[White "Giri,A"]
[Black "Nakamura,Hi"]
[Result "1/2-1/2"]
[WhiteElo "2774"]
[BlackElo "2736"]

1.e4 e5 2.Nf3 Nc6 3.Bc4 Bc5 4.O-O Nf6 5.d3 h6 6.c3 d6 7.Re1 O-O 8.Nbd2 a5
9.Nf1 Be6 10.Bb5 Ne7 11.d4 Bb6 12.Ng3 Ng6 13.h3 c6 14.Ba4 Bc7 15.Bc2 b5 16.a4 Qb8
17.Nf5 Re8 18.Bxh6 gxh6 19.Qd2 Bxf5 20.exf5 Nf4 21.g3 Nxh3+ 22.Kg2 e4 23.Kxh3 exf3
24.Qxh6 Rxe1 25.Qg5+ Kh7 26.Qh4+ Kg7 27.Qg5+ Kh7 28.Qh4+ Kg7 29.Qg5+ Kh7  1/2-1/2

[Event "chess.com Speed 2021"]
[Site "chess.com INT"]
[Date "2021.12.06"]
[Round "2.11"]
[White "Nakamura,Hi"]
[Black "Giri,A"]
[Result "1/2-1/2"]
[WhiteElo "2736"]
[BlackElo "2774"]

1.Nf3 d5 2.d4 Nf6 3.c4 c6 4.e3 Bf5 5.Nc3 e6 6.h3 Nbd7 7.Bd3 Bg6 8.O-O Bb4
9.Bxg6 hxg6 10.Qb3 a5 11.Ne2 dxc4 12.Qxc4 O-O 13.Qc2 Qe7 14.b3 Rfe8 15.Bb2 Ba3
16.Bc3 Bb4 17.Bb2 Ba3 18.Bc3 Bb4 19.Bb2  1/2-1/2

[Event "chess.com Speed 2021"]
[Site "chess.com INT"]
[Date "2021.12.06"]
[Round "2.22"]
[White "Giri,A"]
[Black "Nakamura,Hi"]
[Result "1/2-1/2"]
[WhiteElo "2774"]
[BlackElo "2736"]

1.e4 e5 2.Nf3 Nc6 3.Bc4 Bc5 4.O-O Nf6 5.d3 h6 6.c3 d6 7.Re1 O-O 8.Nbd2 a5
9.Nf1 Be6 10.Bb5 Ne7 11.d4 Bb6 12.Ng3 Ng6 13.h3 c6 14.Bd3 Re8 15.Be3 Bc7
16.Qd2 Qe7 17.b3 a4 18.b4 b5 19.Rac1 Qd7 20.a3 Red8 21.Bb1 Qe8 22.Qe2 Bc4
23.Bd3 Bxd3 24.Qxd3 d5 25.Qc2 dxe4 26.Nxe4 Nd5 27.Bd2 Qf8 28.c4 bxc4 29.Qxc4 exd4
30.Qxc6 Bb6 31.Nc5 Rd6 32.Qb5 d3 33.Nb7 Nc7 34.Rxc7 Bxc7 35.Nxd6 Qxd6 36.Re8+ Rxe8
37.Qxe8+ Kh7 38.Qxf7 Nh4 39.g3 Nxf3+ 40.Qxf3 Bd8 41.Qe4+ Kg8 42.h4 Bf6 43.Qa8+ Kh7
44.Qe4+ Kg8 45.Kg2 Bb2 46.b5 Bxa3 47.Qc4+ Kh8 48.Qxa4 Qd5+ 49.Kg1 Bc5 50.Qf4 Qb3
51.Qf5 Qxb5 52.Qc8+ Kh7 53.Qf5+ Kg8 54.Qe6+ Kh8 55.Qc8+ Kh7 56.Qf5+ Kh8 57.Qc8+  1/2-1/2

[Event "chess.com Speed 2021"]
[Site "chess.com INT"]
[Date "2021.12.06"]
[Round "2.21"]
[White "Nakamura,Hi"]
[Black "Giri,A"]
[Result "0-1"]
[WhiteElo "2736"]
[BlackElo "2774"]

1.Nf3 d5 2.g3 c5 3.Bg2 Nc6 4.d4 Nf6 5.b3 cxd4 6.Nxd4 e5 7.Nxc6 bxc6 8.Bb2 Bb4+
9.c3 Bd6 10.c4 O-O 11.O-O Be6 12.cxd5 cxd5 13.Nc3 d4 14.Nb5 Bd5 15.Bxd5 Nxd5
16.e3 a6 17.Nxd6 Qxd6 18.exd4 e4 19.Rc1 f5 20.Rc5 f4 21.Qh5 Rad8 22.Qe5 Qd7
23.Qxe4 f3 24.Kh1 Kh8 25.Rg1 Nf6 26.Qh4 Ng4 27.Rf1 Rf6 28.Bc1 Qxd4 29.Be3 Nxf2+
30.Bxf2 Qxf2 31.Qh3  0-1

[Event "chess.com Speed 2021"]
[Site "chess.com INT"]
[Date "2021.12.06"]
[Round "2.110"]
[White "Giri,A"]
[Black "Nakamura,Hi"]
[Result "0-1"]
[WhiteElo "2774"]
[BlackElo "2736"]

1.e4 e5 2.Nf3 Nc6 3.Bc4 Bc5 4.O-O Nf6 5.d3 h6 6.c3 O-O 7.b4 Bb6 8.a4 a6 9.Re1 d6
10.Nbd2 Re8 11.h3 Be6 12.Bxe6 Rxe6 13.Nc4 Ba7 14.Be3 Bxe3 15.Nxe3 Ne7 16.c4 Ng6
17.g3 Re8 18.Rb1 b6 19.Kg2 a5 20.b5 Nf8 21.Qc2 Ne6 22.Nf5 Kh7 23.Rbd1 g6
24.Ne3 Nc5 25.Nd5 Ne6 26.d4 Nd7 27.Re3 f6 28.Re2 Rf8 29.Ne3 Qe8 30.h4 h5
31.Nd5 Rc8 32.Ree1 Qf7 33.Re3 Kh8 34.Rd2 Qg7 35.Rd1 Rf7 36.Ree1 Rcf8 37.Re3 Kg8
38.Qc3 Kh8 39.Rd2 Kg8 40.Rd1 g5 41.dxe5 fxe5 42.Rd2 g4 43.Ne1 Ndc5 44.Qc2 Nd4
45.Qd1 Qg6 46.Qa1 Ndb3 47.Qd1 Nxd2 48.Qxd2 Nxe4  0-1

[Event "chess.com Speed 2021"]
[Site "chess.com INT"]
[Date "2021.12.06"]
[Round "2.35"]
[White "Nakamura,Hi"]
[Black "Giri,A"]
[Result "1/2-1/2"]
[WhiteElo "2736"]
[BlackElo "2774"]

1.b3 d5 2.Bb2 Bf5 3.Nf3 e6 4.g3 h6 5.Bg2 Nf6 6.Ne5 Be7 7.d3 O-O 8.Nd2 c6
9.e4 Bh7 10.Qe2 Nbd7 11.Nxd7 Nxd7 12.O-O a5 13.a4 Bf6 14.e5 Be7 15.Rfd1 b5
16.c4 Nc5 17.d4 Nd3 18.Ba3 b4 19.Bc1 dxc4 20.Nxc4 Qxd4 21.Bb2 Qd8 22.Be4 Bxe4
23.Qxe4 Nc5 24.Qf3 Qc7 25.Rac1 Nd7 26.Rd3 c5 27.h4 Nb6 28.Nd6 Nd5 29.Ne4 Rfd8
30.Qg4 Rac8 31.Nf6+ Kh8 32.Nxd5 Rxd5 33.Rxd5 exd5 34.e6 f6 35.Qg6 c4 36.Bd4 Bc5
37.Re1 Qe7 38.Bxc5 Rxc5 39.bxc4 dxc4 40.Rd1 Rc7 41.Qe4 c3 42.Qa8+ Kh7 43.Rd8 Kg6
44.h5+ Kxh5 45.Qe4 Rc5 46.Rd5+ Rxd5 47.Qxd5+ Kg6 48.g4 Kh7 49.Qd3+ Kg8 50.Qd7 Kf8
51.Qc8+ Qe8 52.Qc5+ Kg8 53.Qc4 c2 54.e7+ Kh8 55.Qxc2 Qxe7 56.Qc8+ Kh7 57.Qf5+ g6
58.Qxa5 Qe1+ 59.Kg2 Qe4+ 60.Kf1 Qb1+ 61.Kg2 Qe4+ 62.f3 Qe2+ 63.Kg3 Qe5+ 64.Qxe5 fxe5
65.a5 b3 66.a6 b2 67.a7 b1=Q 68.a8=Q Qg1+ 69.Kh3 Qh1+ 70.Kg3 Qe1+ 71.Kh3 Qf1+
72.Kg3 Qe1+ 73.Kh3 Qh1+ 74.Kg3 Qg1+ 75.Kh3 Qd4 76.Qb7+ Kg8 77.Qe7 Qf4 78.Qe8+ Kg7
79.Qe7+ Kg8 80.Qe8+ Kg7 81.Qe7+ Kh8 82.Qe8+ Kh7 83.Qe7+ Kg8  1/2-1/2

[Event "chess.com Speed 2021"]
[Site "chess.com INT"]
[Date "2021.12.06"]
[Round "2.32"]
[White "Giri,A"]
[Black "Nakamura,Hi"]
[Result "0-1"]
[WhiteElo "2774"]
[BlackElo "2736"]

1.d4 c6 2.c4 d5 3.Nc3 Nf6 4.Nf3 e6 5.Bg5 Nbd7 6.e3 Qa5 7.Nd2 dxc4 8.Bxf6 Nxf6
9.Nxc4 Qc7 10.Rc1 Be7 11.g3 b6 12.Bg2 Bb7 13.O-O O-O 14.a3 c5 15.Bxb7 Qxb7
16.dxc5 Bxc5 17.Qe2 Rac8 18.Rfd1 a6 19.Ne5 b5 20.Qf3 Qxf3 21.Nxf3 Rc7 22.Ne2 Rfc8
23.Kf1 Nd5 24.Ke1 Nb6 25.Ne5 f6 26.Nd3 Nc4 27.a4 Bb6 28.axb5 axb5 29.Kf1 Bxe3
30.fxe3 Nxe3+ 31.Kf2 Nxd1+ 32.Rxd1 Rd8 33.Ke3 Rc2 34.Rd2 Rxd2 35.Kxd2 e5
36.Ke3 Kf7 37.Nc3 Rb8 38.Nb4 h5 39.Ke4 Rd8 40.Nbd5 b4 41.Nb5 Ke6 42.Nxb4 Rd2
43.Nd3 Re2+ 44.Kf3 Rxh2 45.Nc3 f5 46.Nf2 g5 47.b4 g4+ 48.Ke2 f4 49.gxf4 g3
50.Ne4 gxf2 51.fxe5 f1=Q+ 52.Kxf1 Rb2 53.Ng3 h4 54.Ne4 Kxe5 55.Nf2 Kd4 56.Kg1 Rxb4
57.Kg2 Ke3 58.Nd1+ Kf4 59.Kh3 Rb3+ 60.Kxh4 Rf3  0-1

[Event "chess.com Speed 2021"]
[Site "chess.com INT"]
[Date "2021.12.06"]
[Round "2.38"]
[White "Giri,A"]
[Black "Nakamura,Hi"]
[Result "1/2-1/2"]
[WhiteElo "2774"]
[BlackElo "2736"]

1.e4 h5 2.d4 g6 3.Nf3 Bg7 4.Bd3 c6 5.h3 d5 6.e5 Nh6 7.O-O Na6 8.c3 Nc7 9.Re1 Nf5
10.Nbd2 Bh6 11.Nf1 Bxc1 12.Qxc1 Ng7 13.Nh4 Bf5 14.Bxf5 Nxf5 15.Nf3 Ne6 16.g3 Kd7
17.Kg2 Rc8 18.Qd2 Kc7 19.a4 Kb8 20.b4 Qg8 21.Ne3 Nxe3+ 22.Qxe3 g5 23.h4 g4
24.Nd2 Qg6 25.Nb3 Kc7 26.a5 a6 27.Nc5 Nxc5 28.bxc5 Kd7 29.Rab1 Rc7 30.Rb2 e6
31.Reb1 Kc8 32.Qe2 Qf5 33.Rb6 Re8 34.R1b2 Ree7 35.Kg1 Kd8 36.Rb1 Ke8 37.R6b2 Kf8
38.Re1 Kg7 39.Qd1 Re8 40.Re3 Rg8 41.Qe2 Kh8 42.Kg2 Rg6 43.Rb3 Kg8 44.Rb2 f6
45.Rd2 Rf7 46.Rd1 Kf8 47.Re1 Kg8 48.Kg1 Kf8 49.Rf1 Ke7 50.Re1 Kd7 51.Qd2 Ke8
52.Qb2 Kf8 53.Qd2 Kg8 54.Qb2 Kh7 55.Qd2 Rh6 56.Qb2 Kg7 57.Qd2 Rg6 58.Qb2 Kg8
59.Qd2 Kh7 60.Qb2 Kg8 61.Qd2 Kh7 62.exf6 Rgxf6 63.Re5 Qxf2+ 64.Qxf2 Rxf2
65.Rxh5+ Kg8 66.Rg5+ Kf8 67.Rxg4 Ra2 68.Rxe6 Rff2 69.h5 Rg2+ 70.Kf1 Rh2 71.Rf4+ Kg8
72.Rg6+ Kh7 73.Rf7+ Kh8 74.Rf8+ Kh7 75.Rf7+ Kh8 76.Rf8+ Kh7 77.Rf7+  1/2-1/2

[Event "chess.com Speed 2021"]
[Site "chess.com INT"]
[Date "2021.12.16"]
[Round "3.13"]
[White "Nakamura,Hi"]
[Black "Ding Liren"]
[Result "0-1"]
[WhiteElo "2736"]
[BlackElo "2799"]

1.Nf3 d5 2.g3 g6 3.d4 Bg7 4.Bg2 Nf6 5.c4 c6 6.O-O O-O 7.Qb3 a5 8.cxd5 a4
9.Qd1 cxd5 10.Nc3 Qa5 11.Bd2 Nc6 12.a3 Rd8 13.e3 Qa6 14.Re1 Bf5 15.Bf1 Qa7
16.h3 h5 17.Rc1 Ne4 18.Nh4 Be6 19.Nf3 Bf5 20.Nh4 Be6 21.Bg2 Qb6 22.Rc2 Bf6
23.Nf3 Bf5 24.Bc1 Ng5 25.Nxg5 Bxc2 26.Qxc2 Bxg5 27.Bxd5 Kg7 28.Ba2 h4 29.g4 e6
30.Nxa4 Qa5 31.Nc3 Rac8 32.b4 Qc7 33.Bb2 Ne7 34.Qe4 Bf6 35.Re2 Qd7 36.Qd3 Kg8
37.Ne4 Bg7 38.Nc5 Qc6 39.Qe4 Nd5 40.Qb1 b6 41.Ne4 Qb5 42.Rd2 Rc7 43.Bb3 Qd7
44.Bd1 Rdc8 45.Bf3 Qe7 46.Re2 Qd7 47.Kg2 Qe7 48.Qd3 Qd8 49.Re1 Qe7 50.Qb3 Qd8
51.Qd3 Qe7 52.Bd1 Qd8 53.Bb3 Qe7 54.Nd2 Rd8 55.Nf3 Rdc8 56.Qe4 Rd8 57.g5 Rdc8
58.Qxh4 Qd6 59.Qe4 Nc3 60.Qd3 e5 61.e4 exd4 62.e5 Qe7 63.e6 f5 64.gxf6 Bxf6
65.Qxg6+ Kf8 66.Kh1 Qg7 67.Qf5 Ke7 68.Bc1 Rg8 69.Rg1 Qh8 70.Ng5 Bxg5 71.Bxg5+ Ke8
72.Qf7+ Rxf7 73.exf7+ Kd7  0-1

[Event "chess.com Speed 2021"]
[Site "chess.com INT"]
[Date "2021.12.16"]
[Round "3.12"]
[White "Ding Liren"]
[Black "Nakamura,Hi"]
[Result "1/2-1/2"]
[WhiteElo "2799"]
[BlackElo "2736"]

1.Nf3 d5 2.g3 Nf6 3.Bg2 e6 4.O-O Be7 5.d4 O-O 6.c4 dxc4 7.Qc2 b5 8.a4 Bb7
9.axb5 a6 10.Nc3 axb5 11.Rxa8 Bxa8 12.Nxb5 Bd5 13.Bf4 c5 14.dxc5 Qa5 15.Nc3 Qxc5
16.Rc1 Nc6 17.Nxd5 exd5 18.b3 Nb4 19.Qd1 Na2 20.Rc2 Nb4 21.Rc1 Na2 22.Rc2 Nb4
23.Rc1  1/2-1/2

[Event "chess.com Speed 2021"]
[Site "chess.com INT"]
[Date "2021.12.16"]
[Round "3.16"]
[White "Ding Liren"]
[Black "Nakamura,Hi"]
[Result "1-0"]
[WhiteElo "2799"]
[BlackElo "2736"]

1.Nf3 d5 2.g3 Nf6 3.Bg2 e6 4.O-O Be7 5.d4 O-O 6.c4 dxc4 7.Qa4 a6 8.Qxc4 b5
9.Qc2 Bb7 10.Bd2 Be4 11.Qc1 c6 12.a4 Nbd7 13.Nc3 Bg6 14.Nh4 Bh5 15.h3 Nd5
16.Nf3 Bg6 17.axb5 axb5 18.Nxd5 cxd5 19.Rxa8 Qxa8 20.Qc7 Rd8 21.Rc1 h6 22.Ne5 Nxe5
23.Qxe7 Nc4 24.Bc3 Rb8 25.b3 Qa3 26.Qxa3 Nxa3 27.Bb4 Nc2 28.Bc5 Rc8 29.e3 b4
30.g4 Ra8 31.e4 Na1 32.exd5 Nxb3 33.d6 Rb8 34.Re1 e5 35.d7 Rd8 36.Bc6 Nxc5
37.dxc5 b3 38.Ba4 Kf8 39.c6  1-0

[Event "chess.com Speed 2021"]
[Site "chess.com INT"]
[Date "2021.12.16"]
[Round "3.14"]
[White "Ding Liren"]
[Black "Nakamura,Hi"]
[Result "1/2-1/2"]
[WhiteElo "2799"]
[BlackElo "2736"]

1.d4 Nf6 2.c4 e6 3.Nc3 Bb4 4.e3 O-O 5.Bd3 d5 6.a3 Bxc3+ 7.bxc3 dxc4 8.Bxc4 c5
9.Nf3 Qc7 10.Be2 Nc6 11.O-O Rd8 12.Bb2 e5 13.h3 Bf5 14.Rc1 Rac8 15.Re1 a6
16.a4 Qa5 17.Nd2 exd4 18.cxd4 cxd4 19.Nc4 Qc7 20.exd4 Be6 21.Ne3 Qb6 22.Ba1 Nxd4
23.Rxc8 Bxc8 24.Bc4 Qc5 25.Qb1 b5 26.axb5 axb5 27.Bxd4 Qxd4 28.Qxb5 Qd7 29.Qb3 Rf8
30.Rd1 Qc7 31.Nd5 Nxd5 32.Bxd5 Bf5 33.Qb7 Qxb7 34.Bxb7 Rb8 35.Bf3 Rb1 36.Rxb1 Bxb1
37.h4 h6 38.g3 g5 39.hxg5 hxg5 40.Bg2 Kg7 41.f4 gxf4 42.gxf4 Kf6 43.Kf2 Kf5
44.Ke3 Kf6 45.Bf3 Bf5 46.Bg2 Bc8 47.Bf3 Bf5 48.Bg2 Bc8 49.Bf3 Bf5  1/2-1/2

[Event "chess.com Speed 2021"]
[Site "chess.com INT"]
[Date "2021.12.16"]
[Round "3.17"]
[White "Nakamura,Hi"]
[Black "Ding Liren"]
[Result "1-0"]
[WhiteElo "2736"]
[BlackElo "2799"]

1.Nf3 d5 2.g3 Nf6 3.Bg2 c5 4.b3 Nc6 5.Bb2 Qc7 6.d4 cxd4 7.Nxd4 e5 8.Nxc6 bxc6
9.O-O Bc5 10.c4 d4 11.Nd2 O-O 12.Qc2 a5 13.Kh1 Rb8 14.Rae1 Bb4 15.c5 Ba6
16.h3 Rfd8 17.Rg1 h6 18.Qc1 a4 19.Ba3 Bc3 20.b4 Nd5 21.Ne4 Bxe1 22.Rxe1 Nxb4
23.Qd2 Nd5 24.Nd6 Nc3 25.Bb2 Qa5 26.Ba3 Qc7 27.Bb2 Nb5 28.Nf5 Bc8 29.g4 Bxf5
30.gxf5 a3 31.Bc1 Nc3 32.f6 e4 33.fxg7 e3 34.fxe3 Qe5 35.exd4 Qxd4 36.Qxh6 Qxg7
37.Qf4 Rb1 38.Kh2 Nxa2 39.Qh4 Re8 40.Bh6 Qe5+ 41.Bf4 Qf5 42.e4 Rxe1 43.exf5 Nb4
44.f6  1-0

[Event "chess.com Speed 2021"]
[Site "chess.com INT"]
[Date "2021.12.16"]
[Round "3.11"]
[White "Nakamura,Hi"]
[Black "Ding Liren"]
[Result "1-0"]
[WhiteElo "2736"]
[BlackElo "2799"]

1.Nf3 d5 2.g3 g6 3.d4 Bg7 4.Bg2 Nf6 5.c4 c6 6.O-O O-O 7.Qb3 a5 8.cxd5 a4
9.Qd1 cxd5 10.Nc3 Qa5 11.Bd2 Nc6 12.a3 Rd8 13.e3 Qa6 14.Re1 Bf5 15.Bf1 Qa7
16.Rc1 Ne4 17.Nh4 Be6 18.Nf3 Bf5 19.Nh4 Be6 20.Bd3 Nxc3 21.Bxc3 Bh3 22.f4 e6
23.g4 Nxd4 24.Bxg6 hxg6 25.exd4 Rac8 26.Qf3 Bxd4+ 27.Kh1 Bxc3 28.bxc3 Rc4
29.Qxh3 Rxf4 30.Qg3 Qf2 31.Qxf2 Rxf2 32.Rf1 Rxf1+ 33.Rxf1 Rc8 34.Rf3 Rc4
35.h3 Kg7 36.Rd3 f5 37.Nf3 fxg4 38.Ne5 Re4 39.Nxg4 g5 40.Ne3 Kg6 41.Kg2 Rf4
42.Nc2 Rc4 43.Re3 Kf6 44.Nb4 g4 45.h4 b5 46.Kg3  1-0

[Event "chess.com Speed 2021"]
[Site "chess.com INT"]
[Date "2021.12.16"]
[Round "3.15"]
[White "Nakamura,Hi"]
[Black "Ding Liren"]
[Result "1/2-1/2"]
[WhiteElo "2736"]
[BlackElo "2799"]

1.Nf3 d5 2.g3 Nf6 3.Bg2 c5 4.O-O e6 5.d4 cxd4 6.Nxd4 e5 7.Nb3 Be6 8.c4 Nc6
9.cxd5 Nxd5 10.Bd2 Be7 11.Nc3 Nxc3 12.Bxc3 Qb6 13.e3 O-O 14.Qe2 f6 15.Nd2 Rfd8
16.Rfc1 Rac8 17.a3 Bf8 18.b4 a5 19.bxa5 Nxa5 20.Rab1 Qc7 21.Qb5 b6 22.Bf1 Bxa3
23.Bb2 Bc5 24.Ne4 Nb3 25.Bc4 Bxc4 26.Rxc4 Nd2 27.Nxd2 Rxd2 28.Ba3 h6 29.Bxc5 bxc5
30.Rbc1 Qd7 31.Qxd7 Rxd7 32.Rxc5 Rxc5 33.Rxc5 h5 34.Kg2 Kf7 35.Rc8 Kg6 36.h3 Rd2
37.g4 hxg4 38.hxg4 Ra2 39.Rc7 Rb2 40.Kg3 Rb3 41.Kg2 Rb2 42.Kg3 Rb3 43.Kg2 Rb2  1/2-1/2

[Event "chess.com Speed 2021"]
[Site "chess.com INT"]
[Date "2021.12.16"]
[Round "3.18"]
[White "Ding Liren"]
[Black "Nakamura,Hi"]
[Result "0-1"]
[WhiteElo "2799"]
[BlackElo "2736"]

1.d4 Nf6 2.c4 e6 3.Nf3 d5 4.g3 Be7 5.Bg2 O-O 6.O-O dxc4 7.Qa4 a6 8.Qxc4 b5
9.Qc2 Bb7 10.Bd2 Be4 11.Qc1 c6 12.a4 b4 13.Rd1 Nbd7 14.Bg5 Rc8 15.Nbd2 Bd5
16.Qb1 c5 17.e4 Ba8 18.e5 Nd5 19.Bxe7 Qxe7 20.Ne4 cxd4 21.Rxd4 h6 22.Qd1 Nc5
23.Nd6 Rcd8 24.Rc1 Nd7 25.Ne4 Rc8 26.Bf1 a5 27.Bb5 N7b6 28.Nd6 Rcd8 29.Bc6 Bxc6
30.Rxc6 Qd7 31.Rc5 Qxa4 32.Qxa4 Nxa4 33.Rxa5 Ra8 34.Rxa8 Rxa8 35.Nc4 Nc5
36.Rd1 b3 37.Nd4 Nb4 38.Kf1 Ra4 39.Nd2 Ra2 40.N2xb3 Nxb3 41.Nxb3 Rxb2 42.Nc5 Nd5
43.Ne4 g5 44.h3 Kg7 45.Re1 Kg6 46.Re2 Rb4 47.Kg2 h5 48.Nd6 h4 49.Rd2 hxg3
50.fxg3 Ne3+ 51.Kf2 Rb3 52.Re2 Nd5 53.Kg2 Ra3 54.Rf2 Ra7 55.Kh2 Rd7 56.Kg2 Rc7
57.Kh2 Ra7 58.Kg2 Nb4 59.Rf6+ Kg7 60.Ne8+ Kg8 61.Nd6 Nd3 62.Ne4 Ra2+ 63.Kg1 g4
64.hxg4 Nxe5 65.g5 Kg7 66.Rf2 Ra4 67.Re2 Kg6 68.Kg2 Nc4 69.Kf2 Nb6 70.Kg2 Nd5
71.Kf2 Ne7 72.Kg2 Nf5 73.Kf2 Ra3 74.Kg2 Rb3 75.Kh3 Rb4 76.Kg2 Rd4 77.g4 Ne7
78.Kg3 Nd5 79.Re1 Rd3+ 80.Kf2 Ra3 81.Rh1 Kg7 82.Re1 Nf4 83.Re3 Ra4 84.Kf3 Ng6
85.Kg3 Ne5 86.Re2 Kg6 87.Re3 Rd4 88.Kg2 Nxg4 89.Re2 Ne5 90.Kg3 Nc6 91.Kf4 Rd5
92.Rh2 Rf5+ 93.Ke3 Ne5 94.Rh6+ Kg7 95.Rh3 Ng6 96.Rh1 Ne7 97.Rh3 Ra5 98.Kf4 Ng6+
99.Kg4 Ra4 100.Re3 Ne5+ 101.Kf4 Nd7 102.Kg3 Kg6 103.Re1 Nb6 104.Re2 Nd5 105.Re1 Ra3+
106.Kg4 Ne3+  0-1

[Event "chess.com Speed 2021"]
[Site "chess.com INT"]
[Date "2021.12.17"]
[Round "3.31"]
[White "Ding Liren"]
[Black "Nakamura,Hi"]
[Result "1-0"]
[WhiteElo "2799"]
[BlackElo "2736"]

1.d4 Nf6 2.c4 e6 3.Nf3 d5 4.Nc3 Be7 5.Bf4 O-O 6.e3 Nbd7 7.c5 c6 8.h3 b6 9.b4 a5
10.a3 h6 11.Bd3 Ba6 12.O-O Qc8 13.Qe2 Bxd3 14.Qxd3 Qb7 15.Rfc1 Rfc8 16.Qd1 Ra7
17.Rab1 axb4 18.axb4 Ra3 19.Nd2 b5 20.Ra1 Rca8 21.Rxa3 Rxa3 22.Nb3 Bd8 23.Ra1 Rxa1
24.Qxa1 Ne4 25.Ne2 f5 26.Nec1 Ng5 27.Nd3 Nf7 28.Bd6 g6 29.Kf1 Nf6 30.Kg1 Ne8
31.Bg3 Bc7 32.Bxc7 Nxc7 33.Qa5 Nd8 34.Qb6 Kf8 35.Na5 Qxb6 36.cxb6 Na6 37.Nc5 Nb8
38.h4 Ke7 39.Kh2 Nf7 40.Kg3 Nd6 41.Kf4 Kf6 42.b7 g5+ 43.hxg5+ hxg5+ 44.Kf3 e5
45.g4 exd4 46.exd4 f4 47.Ke2 Ne4 48.f3 Nd6 49.Kd3 Nc4 50.Kc3 Nd6 51.Nab3 Ke7
52.Nc1 Kd8 53.N1d3 Kc7 54.Ne6+ Kxb7 55.Nxg5 Nd7 56.Nxf4 Nb6 57.Nd3 Kc8 58.Ne5 Nbc4
59.Nxc6 Kc7 60.Ne5 Nb6 61.Ne6+ Kc8 62.g5 Nd7 63.g6 Nf6 64.g7 Nf5 65.f4 Kb7
66.Kd3 Kc8 67.Ke2 Kb7 68.Kf3 Kc8 69.Ng4 Ng8 70.Ne3 Nfe7 71.f5 Kd7 72.Kf4 Nc6
73.Kg5 Nxb4 74.Ng4 Nc6 75.Ne5+ Nxe5 76.dxe5 b4 77.Nd4 Ke7 78.f6+  1-0